Beginning RSS and Atom programming /

में बचाया:
ग्रंथसूची विवरण
मुख्य लेखक: Ayers, Danny.
अन्य लेखक: Watt, Andrew, 1953-
स्वरूप: Sách giấy
प्रकाशित: Indianapolis, IN : Wiley Pub., c2005.
विषय:
ऑनलाइन पहुंच:Table of contents only
Contributor biographical information
Publisher description
टैग : टैग जोड़ें
कोई टैग नहीं, इस रिकॉर्ड को टैग करने वाले पहले व्यक्ति बनें!
Thư viện lưu trữ: Thư viện Trường Đại học Đà Lạt
LEADER 01303nam a2200409 4500
001 DLU110127098
005 ##20111025
008 ##050204s2005 inua 001 0 eng
010 # # |a  2005003120 
020 # # |a 0764579169 (pbk.) 
020 # # |a 9780764579165 
040 # # |a DLC  |c DLC  |d DLC 
042 # # |a pcc 
082 # # |a 006.76  |b AY-D 
100 # # |a Ayers, Danny. 
245 # # |a Beginning RSS and Atom programming /  |c Danny Ayers, Andrew Watt. 
260 # # |a Indianapolis, IN :  |b Wiley Pub.,  |c c2005. 
300 # # |a xxxvii, 235 p. :  |b ill. ;  |c 30 cm. 
500 # # |a "Programmer to programmer"--Cover. 
500 # # |a Includes index. 
650 # # |a Internet programming. 
650 # # |a Web site development. 
700 # # |a Watt, Andrew,  |d 1953- 
856 # # |3 Table of contents only  |u http://www.loc.gov/catdir/toc/ecip058/2005003120.html 
856 # # |3 Contributor biographical information  |u http://www.loc.gov/catdir/enhancements/fy0621/2005003120-b.html 
856 # # |3 Publisher description  |u http://www.loc.gov/catdir/enhancements/fy0621/2005003120-d.html 
923 # # |a 01/2011CT 
991 # # |a GT 
992 # # |a 0 
994 # # |a KCT 
900 # # |a True 
911 # # |a Đào Thị Thu Huyền 
925 # # |a G 
926 # # |a A 
927 # # |a SH 
980 # # |a Thư viện Trường Đại học Đà Lạt